| 000 | 00925nam a22002777a 4500 | ||
|---|---|---|---|
| 001 | BR9607439 | ||
| 003 | BR-BrBNA | ||
| 005 | 20230928095329.0 | ||
| 007 | ta | ||
| 008 | 230509b bl.||||| |||| 00| 0 por d | ||
| 040 |
_aBR-BrBNA _bpor _cBiblioteca Nacional de Agricultura |
||
| 041 | _a(Por) | ||
| 072 |
_aH10 _b0716 |
||
| 090 | _ 0716 BR9607439 | ||
| 100 | 1 | _aDiniz, L. de C. | |
| 110 | 1 |
_aUniversidade Federal de Lavras, MG (Brasil) _0Tese (Mestre em Agronomia) |
|
| 245 | 1 | _aDinamica populacional do Piolho-de-Sao Jose Quadraspidiotus perniciosus (Comstock, 1881)(Homoptera: Diaspididae)em pessegueiro, no municipio de Jacui-Minas Gerais | |
| 260 | 3 |
_aLavras, MG (Brasil): _c1996. |
|
| 300 | _a61 p. | ||
| 500 | _aSummaries (Eng, Por); Bibliography p. 50-57; 7 illus. | ||
| 650 | _aPessego | ||
| 650 | _aHomoptero | ||
| 650 | _aDinamica Populacional | ||
| 909 |
_a202309 _bLucia _c55 _dLucia Elande |
||
| 942 | _cBK | ||
| 999 |
_c55931 _d55931 |
||